| 000 | 00834nam a2200265 4500 | ||
|---|---|---|---|
| 001 | 178020 | ||
| 003 | ES-MaACL | ||
| 005 | 20250111062533.0 | ||
| 008 | 110512s2009 sp |||| | spa d | ||
| 017 | _aB.39340-2009 | ||
| 020 | _a9788433972002 | ||
| 080 | _a821.134.2-31"19" | ||
| 100 | 1 |
_aGutiérrez Aragón, Manuel. _961091 |
|
| 245 | 1 | 3 |
_aLa vida antes de marzo / _cManuel Gutiérrez Aragón. |
| 250 | _a1ª ed. | ||
| 260 |
_aBarcelona : _bAnagrama, _c2009. |
||
| 300 |
_a285 p. ; _c22 cm. |
||
| 490 | 1 |
_aNarrativas hispánicas ; _v462 |
|
| 586 | _aXXVII Premio Herralde de Novela, 2009 | ||
| 830 | 0 | 0 |
_aNarrativas hispánicas (Anagrama) _v462 _9178124 |
| 852 |
_aES-MaACL _9184879 _bR.145643 _jA-11160 _dOlim: N-4165 _cDEPO1 |
||
| 942 |
_2udc _cMONOGRAFIA |
||
| 999 |
_c178020 _d178020 |
||